[Event "Regionalliga NO 0405"]
[Site "Bayern"]
[Date "2005.03.13"]
[Round "8.2"]
[White "Zollstab, Juergen"]
[Black "Gunkel, Christian"]
[Result "1-0"]
[WhiteElo "2041"]
[BlackElo "2090"]
[PlyCount "97"]
[EventDate "2004.10.24"]
[EventType "team-tourn"]
[EventRounds "9"]
[EventCountry "GER"]
[SourceTitle "EXT 2007"]
[Source "ChessBase"]
[SourceDate "2006.11.23"]
[SourceVersion "1"]
[SourceVersionDate "2006.11.23"]
[SourceQuality "1"]
[WhiteTeam "Gunzenhausen"]
[BlackTeam "Schwabach"]
[WhiteTeamCountry "GER"]
[BlackTeamCountry "GER"]

1. d4 Nf6 2. Bg5 d5 3. Bxf6 gxf6 4. e3 c6 5. Nd2 Nd7 6. Qh5 e6 7. g4 Qe7 8. Bd3 Bg7 9. Ne2 Nf8 10. 0-0-0 Bd7 11. c4 0-0-0 12. Kb1 Kb8 13. a3 Ng6 14. f4 Qf8 15. Nc3 Rc8 16. c5 e5 17. Rhf1 e4 18. Be2 Ne7 19. f5 Rc7 20. b4 Nc8 21. Qh3 Qd8 22. a4 Ka8 23. Kc2 Bf8 24. Nb3 b6 25. Rb1 Rb7 26. Ba6 Rb8 27. Qg3 Be7 28. b5 Qe8 29. bxc6 Bxc6 30. Bb5 Qd7 31. Rb2 Bd8 32. cxb6 Bxb6 33. Nc5 Qe8 34. Nxd5 Bxb5 35. Rxb5 Qc6 36. Nb4 Qc7 37. Nba6 Qxg3 38. hxg3 Nd6 39. Nxb8 Nxb5 40. axb5 Bxc5 41. dxc5 Kxb8 42. Rh1 h6 43. Kc3 Rd8 44. Kc4 Rd3 45. Rxh6 Rxe3 46. Kd5 Rd3+ 47. Kxe4 Rxg3 48. Rxf6 Rxg4+ 49. Kd5 1-0

[Event "Regionalliga NO 0405"]
[Site "Bayern"]
[Date "2005.02.13"]
[Round "7.2"]
[White "Lumper, Thomas"]
[Black "Zollstab, Juergen"]
[Result "1-0"]
[WhiteElo "2224"]
[BlackElo "2041"]
[PlyCount "139"]
[EventDate "2004.10.24"]
[EventType "team-tourn"]
[EventRounds "9"]
[EventCountry "GER"]
[SourceTitle "EXT 2007"]
[Source "ChessBase"]
[SourceDate "2006.11.23"]
[SourceVersion "1"]
[SourceVersionDate "2006.11.23"]
[SourceQuality "1"]
[WhiteTeam "Regensburg Eulenspiegel"]
[BlackTeam "Gunzenhausen"]
[WhiteTeamCountry "GER"]
[BlackTeamCountry "GER"]

1. c4 g6 2. Nc3 Bg7 3. Nf3 d6 4. d4 Nc6 5. g3 e5 6. dxe5 dxe5 7. Qxd8+ Nxd8 8. Nd5 Kd7 9. Bh3+ Kd6 10. Bxc8 Rxc8 11. Bd2 c6 12. Bb4+ Kd7 13. Nc3 f5 14. 0-0-0+ Ke8 15. e4 Ne6 16. Bd6 Nf6 17. exf5 gxf5 18. Bxe5 Kf7 19. Nh4 Ng4 20. Rd7+ Ke8 21. Rxg7 Nxe5 22. Rxb7 Rf8 23. f4 Nd3+ 24. Kc2 Ndc5 25. Rxh7 Rf7 26. Rxf7 Nd4+ 27. Kb1 Kxf7 28. Re1 Kf6 29. Re5 Nd3 30. Re3 Nf2 31. b3 Rd8 32. Kb2 a5 33. h3 Nxh3 34. Ne2 Nf2 35. Kb1 Nxe2 36. Rxe2 Ne4 37. Kc2 Rg8 38. Re3 Rg4 39. Rd3 Nxg3 40. Ng2 Ne2 41. Ne3 Rxf4 42. Rd6+ Ke5 43. c5 Nd4+ 44. Kd3 Nb5 45. Rxc6 Rd4+ 46. Kc2 Re4 47. Kd3 Rd4+ 48. Kc2 f4 49. Ng4+ Kd5 50. Ra6 f3 51. Ne3+ Kxc5 52. Rxa5 Re4 53. Nd1 Kb6 54. Rxb5+ Ka6 55. Rd5 Re2+ 56. Rd2 Ka5 57. a3 Kb6 58. b4 Kc6 59. a4 Kb6 60. Rxe2 fxe2 61. Kd2 exd1Q+ 62. Kxd1 Kc6 63. Kc2 Kb6 64. Kc3 Kc6 65. Kc4 Kb6 66. Kd5 Ka6 67. Kc6 Ka7 68. Kc7 Ka8 69. b5 Ka7 70. b6+ 1-0

[Event "Regionalliga NO 0405"]
[Site "Bayern"]
[Date "2005.01.30"]
[Round "6.2"]
[White "Zollstab, Juergen"]
[Black "Bauer, Andreas"]
[Result "1/2-1/2"]
[WhiteElo "2041"]
[BlackElo "2036"]
[PlyCount "145"]
[EventDate "2004.10.24"]
[EventType "team-tourn"]
[EventRounds "9"]
[EventCountry "GER"]
[SourceTitle "EXT 2007"]
[Source "ChessBase"]
[SourceDate "2006.11.23"]
[SourceVersion "1"]
[SourceVersionDate "2006.11.23"]
[SourceQuality "1"]
[WhiteTeam "Gunzenhausen"]
[BlackTeam "Postbauer Heng"]
[WhiteTeamCountry "GER"]
[BlackTeamCountry "GER"]

1. d4 c5 2. dxc5 e6 3. Nd2 Qa5 4. c3 Qxc5 5. Ngf3 Nf6 6. Nb3 Qc7 7. g3 Nc6 8. Nbd4 Nxd4 9. Qxd4 Bc5 10. Qh4 d5 11. Bg2 Ne4 12. 0-0 Qb6 13. e3 Be7 14. Qh5 0-0 15. h4 Bd7 16. Ng5 Nf6 17. Qd1 h6 18. Nh3 e5 19. Qb3 Qxb3 20. axb3 Bb5 21. Rd1 Rfd8 22. Bf1 Bc6 23. Bd2 a6 24. Be1 Bc5 25. b4 Bb6 26. b3 Rac8 27. Bg2 Bd7 28. Kh1 Bg4 29. Rdc1 Be6 30. Ng1 Ng4 31. Nf3 f6 32. Nd2 e4 33. Ra2 Ne5 34. Bf1 Rc7 35. c4 f5 36. c5 Ba7 37. b5 Rxc5 38. Rxc5 Bxc5 39. bxa6 bxa6 40. Rxa6 Kf7 41. Nb1 Rb8 42. Bc3 Ng4 43. Kg2 Rxb3 44. Rc6 Bxe3 45. Rc7+ Ke8 46. Be2 Bb6 47. Nd2 Bxc7 48. Nxb3 Be5 49. Bd4 Bxd4 50. Nxd4 Ke7 51. Bxg4 fxg4 52. Kf1 Kd6 53. Ke2 Bd7 54. Ke3 Kc5 55. Nb3+ Kc4 56. Nd4 g6 57. Ne2 Ba4 58. Nd4 Bd7 59. Ne2 Be8 60. Nd4 Kc3 61. Ne2+ Kc2 62. Nd4+ Kd1 63. Ne6 Ke1 64. Nd4 Bd7 65. Nc2+ Kf1 66. Nd4 Ke1 67. Nc2+ Kd1 68. Nd4 Ke1 69. Nc2+ Kf1 70. Nd4 g5 71. hxg5 hxg5 72. Nc2 Ba4 73. Nd4 1/2-1/2

[Event "Regionalliga NO 0405"]
[Site "Bayern"]
[Date "2004.11.14"]
[Round "2.2"]
[White "Zollstab, Juergen"]
[Black "Rossbach, Knut"]
[Result "1/2-1/2"]
[WhiteElo "2041"]
[BlackElo "2040"]
[PlyCount "52"]
[EventDate "2004.10.24"]
[EventType "team-tourn"]
[EventRounds "9"]
[EventCountry "GER"]
[SourceTitle "EXT 2007"]
[Source "ChessBase"]
[SourceDate "2006.11.23"]
[SourceVersion "1"]
[SourceVersionDate "2006.11.23"]
[SourceQuality "1"]
[WhiteTeam "Gunzenhausen"]
[BlackTeam "Zirndorf II"]
[WhiteTeamCountry "GER"]
[BlackTeamCountry "GER"]

1. d4 d5 2. Bf4 Nf6 3. e3 Bf5 4. Nd2 e6 5. Ngf3 c5 6. Bxb8 Qxb8 7. Bb5+ Kd8 8. Ne5 Bg6 9. h4 a6 10. Bd3 Ke8 11. Bxg6 hxg6 12. f4 Be7 13. g4 Qc7 14. c3 Rc8 15. h5 Bd6 16. Qf3 gxh5 17. gxh5 b5 18. Ke2 b4 19. Rac1 cxd4 20. exd4 Ke7 21. c4 Qa5 22. c5 Bb8 23. a3 Qb5+ 24. Kf2 Rh7 25. f5 Bxe5 26. dxe5 Nd7 1/2-1/2

[Event "Regionalliga NO 0405"]
[Site "Bayern"]
[Date "2004.10.24"]
[Round "1.2"]
[White "Zollstab, Juergen"]
[Black "Kanewski, Josef"]
[Result "1-0"]
[WhiteElo "2041"]
[BlackElo "2145"]
[PlyCount "67"]
[EventDate "2004.10.24"]
[EventType "team-tourn"]
[EventRounds "9"]
[EventCountry "GER"]
[SourceTitle "EXT 2007"]
[Source "ChessBase"]
[SourceDate "2006.11.23"]
[SourceVersion "1"]
[SourceVersionDate "2006.11.23"]
[SourceQuality "1"]
[WhiteTeam "Gunzenhausen"]
[BlackTeam "Weiden"]
[WhiteTeamCountry "GER"]
[BlackTeamCountry "GER"]

1. d4 f5 2. Nf3 Nf6 3. c4 g6 4. Nc3 Bg7 5. g3 d6 6. h4 c6 7. Bg5 Qa5 8. Bxf6 Bxf6 9. e3 e5 10. a3 e4 11. Ng1 c5 12. Nge2 Nc6 13. Bg2 0-0 14. 0-0 cxd4 15. b4 Qa6 16. b5 Qa5 17. Nd5 d3 18. Nxf6+ Rxf6 19. bxc6 dxe2 20. Qxe2 bxc6 21. Qb2 Kf7 22. Rfd1 Qc5 23. Bf1 Ba6 24. Rd4 h6 25. Rad1 g5 26. hxg5 hxg5 27. g4 Rh8 28. Rxd6 Rhh6 29. Rxf6+ Rxf6 30. Qb8 fxg4 31. Rd7+ Ke6 32. Rxa7 Qf5 33. Qe8+ Kd6 34. Qe7# 1-0

[Event "Regionalliga NO 0304"]
[Site "Bayern"]
[Date "2004.04.25"]
[Round "9.1"]
[White "Roth, Norbert"]
[Black "Zollstab, Juergen"]
[Result "1/2-1/2"]
[WhiteElo "2224"]
[BlackElo "2061"]
[PlyCount "113"]
[EventDate "2003.10.??"]
[EventType "team-tourn"]
[EventRounds "9"]
[EventCountry "GER"]
[SourceTitle "EXT 2006"]
[Source "ChessBase"]
[SourceDate "2005.11.24"]
[SourceVersion "1"]
[SourceVersionDate "2005.11.24"]
[SourceQuality "1"]
[WhiteTeam "Nuernberg NT II"]
[BlackTeam "Gunzenhausen"]
[WhiteTeamCountry "GER"]
[BlackTeamCountry "GER"]

1. Nf3 d5 2. g3 c6 3. Bg2 Nf6 4. 0-0 Bf5 5. b3 Nbd7 6. Bb2 e6 7. c4 Bd6 8. d3 0-0 9. Nbd2 Qc7 10. Qc2 Bg6 11. Rac1 Rac8 12. Rfe1 Rfe8 13. Nh4 Be5 14. Nxg6 Bxb2 15. Qxb2 hxg6 16. b4 a6 17. h3 g5 18. d4 Nb6 19. e4 dxc4 20. Nxc4 Nxc4 21. Rxc4 Qe7 22. Qd2 Nd7 23. Rec1 Rcd8 24. Qe3 f6 25. a3 Nb6 26. R4c2 Nc8 27. Qc3 Nd6 28. a4 g6 29. Qb3 Kg7 30. Rc5 Qf7 31. Qe3 Qe7 32. Bf3 Nf7 33. b5 axb5 34. axb5 cxb5 35. Rxb5 e5 36. d5 Rc8 37. Bg4 Rxc1+ 38. Qxc1 Nd6 39. Rc5 Qd8 40. Qc2 Re7 41. Be6 Kh6 42. Kg2 Kh7 43. Qa4 Qb6 44. Rc1 Kg7 45. Rh1 f5 46. exf5 gxf5 47. Qa1 Kf6 48. h4 gxh4 49. Qc1 Rh7 50. Rxh4 Rxh4 51. gxh4 f4 52. Qa3 Qc7 53. Kh3 Qe7 54. Qa8 Qe8 55. Qa3 Qe7 56. Qa8 Qe8 57. Qa3 1/2-1/2

[Event "Regionalliga NO 0304"]
[Site "Bayern"]
[Date "2004.03.28"]
[Round "8.2"]
[White "Weigel, Herbert"]
[Black "Zollstab, Juergen"]
[Result "0-1"]
[WhiteElo "2127"]
[BlackElo "2061"]
[PlyCount "94"]
[EventDate "2003.10.??"]
[EventType "team-tourn"]
[EventRounds "9"]
[EventCountry "GER"]
[SourceTitle "EXT 2006"]
[Source "ChessBase"]
[SourceDate "2005.11.24"]
[SourceVersion "1"]
[SourceVersionDate "2005.11.24"]
[SourceQuality "1"]
[WhiteTeam "Zirndorf II"]
[BlackTeam "Gunzenhausen"]
[WhiteTeamCountry "GER"]
[BlackTeamCountry "GER"]

1. e4 g6 2. Nc3 Bg7 3. Bc4 Nc6 4. d3 d6 5. f4 Nf6 6. Nf3 Bg4 7. h3 Bxf3 8. Qxf3 Nd4 9. Qf2 c5 10. 0-0 0-0 11. a4 e6 12. Ba2 a6 13. Nd1 b5 14. c3 Nc6 15. Be3 c4 16. dxc4 bxc4 17. Bb1 d5 18. Bc5 Re8 19. e5 Nd7 20. Bd4 Rb8 21. Re1 Nxd4 22. cxd4 Qa5 23. Nc3 Rb7 24. Re2 Bh6 25. g4 Reb8 26. g5 Bf8 27. Rc2 Bb4 28. Nd1 Be1 29. Qg2 Qb6 30. Kf1 Ba5 31. Qf2 Qa7 32. Ra3 Rb3 33. Rxb3 Rxb3 34. Nc3 Bxc3 35. Rxc3 Qb7 36. Rxb3 Qxb3 37. Kg2 Qxa4 38. Bc2 Qb4 39. Bd1 a5 40. h4 Nb8 41. h5 Nc6 42. hxg6 hxg6 43. Kf1 c3 44. bxc3 Qxc3 45. Kg2 Nxd4 46. Ba4 Qd3 47. Kg1 Ne2+ 0-1

[Event "Regionalliga NO 0304"]
[Site "Bayern"]
[Date "2004.02.15"]
[Round "6.2"]
[White "Bauer, Andreas"]
[Black "Zollstab, Juergen"]
[Result "1/2-1/2"]
[WhiteElo "2137"]
[BlackElo "2061"]
[PlyCount "110"]
[EventDate "2003.10.??"]
[EventType "team-tourn"]
[EventRounds "9"]
[EventCountry "GER"]
[SourceTitle "EXT 2006"]
[Source "ChessBase"]
[SourceDate "2005.11.24"]
[SourceVersion "1"]
[SourceVersionDate "2005.11.24"]
[SourceQuality "1"]
[WhiteTeam "Postbauer Heng"]
[BlackTeam "Gunzenhausen"]
[WhiteTeamCountry "GER"]
[BlackTeamCountry "GER"]

1. e4 g6 2. d4 Bg7 3. Nc3 d6 4. f4 c6 5. Nf3 Bg4 6. Be3 e6 7. h3 Bxf3 8. Qxf3 d5 9. e5 h5 10. g3 Nh6 11. Bd3 Nd7 12. 0-0-0 Nf5 13. Bxf5 exf5 14. g4 hxg4 15. hxg4 Rxh1 16. Rxh1 fxg4 17. Qxg4 Nf8 18. f5 Qd7 19. Rg1 0-0-0 20. f6 Qxg4 21. Rxg4 Bh8 22. Ne2 Re8 23. Kd2 Nd7 24. Rh4 Bxf6 25. exf6 Nxf6 26. Ng3 Kd7 27. Kd3 Ke6 28. Bg5 Nd7 29. Rh1 f6 30. Re1+ Kf7 31. Rxe8 Kxe8 32. Bf4 Kf7 33. Bc7 g5 34. Nf5 Ke6 35. Nd6 b5 36. b4 Nf8 37. Nb7 Ng6 38. Bb8 f5 39. Na5 Kd7 40. Bxa7 Kc7 41. Bc5 f4 42. Nb3 g4 43. Nd2 Kd7 44. Ba7 Ke6 45. Bb8 Kf5 46. Bc7 g3 47. Ke2 Kg4 48. Bd8 f3+ 49. Nxf3 Nf4+ 50. Ke3 Ng2+ 51. Ke2 Nf4+ 52. Ke3 Ng2+ 53. Ke2 Nf4+ 54. Ke3 Ng2+ 55. Ke2 Nf4+ 1/2-1/2